Statistiken für Top 50 Handball Players in the Handball Bundesliga 2021/22

Klicken Sie hier um das Quiz zu spielen!

Allgemein

  • Dieses Quiz wurde 52 mal gespielt
  • Das Durchschnittsergebnis liegt bei 22 aus 50

Antwortstatistiken

ClubPositionAntwort% Korrekt
THW KielLWMagnus Landin
87%
THW KielGKNiklas Landin
87%
THW KielLPHendrik Pekeler
78%
SG Flensburg HandewittLPJohannes Golla
74%
THW KielLBSander Sagosen
74%
SG Flensburg HandewittPMJim Gottfridsson
67%
SC MagdeburgRBOmar Ingi Magnusson
65%
THW KielRWNiclas Ekberg
63%
Rhein Neckar LöwenPMAndy Schmid
61%
THW KielLPPatrick Wiencek
61%
SG Flensburg HandewittLWHampus Wanne
59%
Füchse BerlinRWHans Lindberg
57%
SG Flensburg HandewittGKKevin Möller
57%
SG Flensburg HandewittLBLasse Möller
57%
THW KielPMDomagoj Duvnjak
52%
THW KielRBHarald Reinkind
50%
SC MagdeburgGKJannick Green
48%
Füchse BerlinLBLasse Andersson
48%
Frisch Auf GöppingenLWMarcel Schiller
48%
THW KielRBSteffen Weinhold
48%
MT MelsungenRWTimo Kastening
48%
SC MagdeburgPMPhilipp Weber
46%
Füchse BerlinRBFabian Wiede
43%
Füchse BerlinPMJacob Holm
43%
Rhein Neckar LöwenLPJannik Kohlbacher
43%
SG Flensburg HandewittRBMagnus Röd
43%
SC MagdeburgPMGisli Kristjansson
41%
SG Flensburg HandewittRWLasse Svan
41%
SC MagdeburgLBMichael Damgaard
41%
Rhein Neckar LöwenGKMikael Appelgren
41%
Handball Sportverein HamburgLWCasper Mortensen
39%
SC MagdeburgLPMagnus Saugstrup
39%
TBV LemgoLWBjarki Mar Elisson
37%
TSV Hannover BurgdorfRWJohan Hansen
37%
Füchse BerlinGKDejan Milosavljev
35%
GWD MindenGKMalte Semisch
35%
SG Flensburg HandewittPMGöran Sögard
33%
Frisch Auf GöppingenLBSebastian Heymann
33%
SC MagdburgRWDaniel Pettersson
30%
TBV LemgoLBJonathan Carlsbogard
26%
SG Flensburg HandewittLBMads Mensah Larsen
26%
THW KielPMMiha Zarabec
26%
Füchse BerlinLPMijajlo Marsenic
26%
HC ErlangenLBSimon Jeppsson
26%
SG Flensburg HandewittLWEmil Jakobsen
24%
HSG WetzlarLBLenny Rubin
24%
SC MagdeburgPMMarco Bezjak
24%
SG Flensburg HandewittRBFranz Semper
20%
Bergischer HCLPMax Darj
15%
SC MagdeburgLPMagnus Gullerud
11%

Verteilung der Resultate

Perzentil nach korrekt beantworteten Fragen

Anzahl Personen mit jedem Resultat

Ihre Resultats-Entwicklung

Sie haben dieses Quiz noch nicht gespielt